Statistics for The Binding of Isaac Repentance all Bosses / Mini Bosses

Click here to take the quiz!

General Stats

  • This quiz has been taken 1,044 times
    (696 since last reset)
  • The average score is 64 of 136

Answer Stats

ChapterAnswer% Correct
Chapter 1Monstro
92%
Chapter 3 / 3.5Mom
86%
Chapter 5Satan
85%
Chapter 6Mega Satan
84%
Chapter 6Blue Baby
81%
Chapter 5Isaac
81%
SinGreed
80%
Chapter 4.5Mother
80%
HomeThe Beast
78%
The VoidDelirium
77%
Greed ModeUltra Greed
77%
Chapter 3War
76%
Chapter 4Death
74%
Chapter 3.5 / 4Mom's Heart
74%
Super SinSuper Greed
73%
Chapter 6The Lamb
73%
SinGluttony
72%
SinLust
72%
HomeDogma
71%
Chapter 1Pin
71%
SinPride
71%
SinWrath
71%
SinEnvy
70%
Angel RoomGabriel
70%
Chapter 1Famine
69%
Chapter 1Larry Jr.
69%
Chapter 4It Lives
68%
Super SinSuper Gluttony
68%
Super SinSuper Pride
68%
Chapter 4.5Hush
67%
Devil RoomKrampus
67%
Chapter 3Monstro II
67%
Chapter 2Pestilence
67%
SinSloth
67%
Super SinSuper Envy
67%
Super SinSuper Lust
67%
Super SinSuper Wrath
66%
Chapter 2Gurdy
64%
Super SinSuper Sloth
63%
Greedier ModeUltra Greedier
61%
HomeUltra War
61%
Angel RoomUriel
61%
HomeUltra Death
60%
Ultra SinUltra Pride
59%
Chapter 1Steven
58%
Chapter 1Gemini
57%
Chapter 1Little Horn
57%
Chapter 3Loki
57%
HomeUltra Famine
57%
Chapter 1Dingle
56%
Chapter 2Gurdy Jr.
56%
Chapter 2Chub
55%
HomeUltra Pestilence
55%
Chapter 1Baby Plum
54%
Chapter 2Big Horn
53%
Chapter 1-4The Fallen
53%
Chapter 1The Duke of Flies
52%
Chapter 2C.H.A.D.
51%
Chapter 1Widow
51%
Chapter 4Conquest
50%
Chapter 1Gurglings
50%
Chapter 4Mama Gurdy
50%
Chapter 4Daddy Long Legs
49%
Chapter 2Peep
49%
Chapter 1The Haunt
49%
Chapter 3Gish
48%
Chapter 3 / 4The Bloat
48%
Chapter 1.5The Rainmaker
48%
Chapter 1Rag Man
47%
Chapter 4Lokii
46%
Chapter 3.5The Siren
46%
Chapter 1Dangle
45%
Chapter 2The Hollow
43%
Chapter 1Turdlings
43%
Chapter 1-4The Headless Horseman
40%
Chapter 3Brownie
39%
Tainted JacobDark Esau
39%
Chapter 2Dark One
39%
Chapter 2Fistula
39%
Chapter 2.5Great Gideon
39%
Chapter 2Rag Mega
39%
Chapter 3The Adversary
39%
Chapter 1.5Wormwood
39%
Chapter 3The Cage
38%
Chapter 2The Husk
38%
Chapter 3Mask of Infamy
37%
Chapter 3.5The Horny Boys
37%
Chapter 4Mr. Fred
36%
Chapter 2The Frail
36%
Chapter 1Blighted Ovum
35%
Chapter 2Mega Fatty
35%
Chapter 1.5Min-Min
35%
Chapter 4.5Rotgut
35%
Chapter 4Scolex
35%
Chapter 2The Wretched
35%
Chapter 4.5Chimera
34%
Chapter 2Mega Maw
34%
Chapter 2Bumbino
33%
Chapter 2Carrion Queen
32%
Chapter 2.5Hornfel
32%
Chapter 4Teratoma
32%
Chapter 3.5The Heretic
32%
Chapter 1.5Clog
31%
Chapter 1.5Colostomia
31%
Chapter 3 / 4Sisters Vis
31%
Chapter 3The Gate
31%
Chapter 2The Forsaken
30%
Chapter 4The Matriarch
30%
Chapter 2.5 / 3The Pile
30%
Chapter 1.5Lil Blub
29%
Chapter 3.5The Visage
29%
Chapter 2.5 / 3Reap Creep
28%
Chapter 2The Stain
28%
Chapter 4Triachnid
28%
Chapter 2.5Tuff Twins
28%
Chapter 2.5Singe
27%
Chapter 4.5The Scourge
27%
Chapter 4Blastocyst
26%
Chapter 2.5Clutch
25%
Boss 14 spaces aboveFallen Gabriel
25%
Chapter 2Polycephalus
25%
Chapter 1.5Turdlet
25%
Boss 13 spaces aboveFallen Uriel
24%
Chapter 2.5The Shell
21%
Chapter 2.5Mother's Shadow
13%
Chapter 3.5 (Unused)Raglich
11%
Chapter 4.5 (Unused)Cadavra
9%
(Unused)The Mass
5%
(Unused)Mock Mourner
4%
(Unused)Pin Trio
4%
(Unused)The Anomaly
4%
(Unused)Golden Conquest
3%
Chapter 4.5 (Unused)Corpse Pestilence
2%
Chapter 1.5 (Unused)Downpour Famine
2%
Chapter 3.5 (Unused)Mausoleum Death
2%
Chapter 2.5 (Unused)Mines War
2%

Score Distribution

Percentile by Number Answered

Percent of People with Each Score

Your Score History

You have not taken this quiz since the last reset